Nuclear and particle physics: An introduction (Record no. 1211446)

MARC details
000 -LEADER
fixed length control field 01050nam a2200313Ia 4500
003 - CONTROL NUMBER IDENTIFIER
control field OSt
005 - DATE AND TIME OF LATEST TRANSACTION
control field 20221007123138.0
008 - FIXED-LENGTH DATA ELEMENTS--GENERAL INFORMATION
fixed length control field 221006b |||||||| |||| 00| 0 eng d
020 ## - INTERNATIONAL STANDARD BOOK NUMBER
International Standard Book Number 9781119344672 (pbk)
037 ## - SOURCE OF ACQUISITION
Terms of availability Textual
040 ## - CATALOGING SOURCE
Original cataloging agency PAPL
Transcribing agency PAPL
Language of cataloging eng
041 ## - LANGUAGE CODE
Source of code eng
Language code of text/sound track or separate title eng
100 ## - MAIN ENTRY--PERSONAL NAME
Personal name Martin Brian R
9 (RLIN) 716678
245 #0 - TITLE STATEMENT
Title Nuclear and particle physics: An introduction
Remainder of title Shaw Graham
250 ## - EDITION STATEMENT
Edition statement 3
260 ## - PUBLICATION, DISTRIBUTION, ETC.
Place of publication, distribution, etc. West
Name of publisher, distributor, etc. Sussex John Wiley
Date of publication, distribution, etc. 2019
300 ## - PHYSICAL DESCRIPTION
Extent xiv, 499p. ill.
Dimensions cm.
500 ## - GENERAL NOTE
General note References 487-490p.; Index 491-499p.
650 ## - SUBJECT ADDED ENTRY--TOPICAL TERM
Topical term or geographic name entry element Nuclear physics
9 (RLIN) 543687
650 ## - SUBJECT ADDED ENTRY--TOPICAL TERM
Topical term or geographic name entry element Particle phenomenology
9 (RLIN) 716679
650 ## - SUBJECT ADDED ENTRY--TOPICAL TERM
Topical term or geographic name entry element Physics
700 ## - ADDED ENTRY--PERSONAL NAME
Personal name Shaw Graham
942 ## - ADDED ENTRY ELEMENTS (KOHA)
Classification part C9B3, Q9 Carpa
Koha item type Textual
Source of classification or shelving scheme Colon Classification (CC)
Holdings
Withdrawn status Lost status Source of classification or shelving scheme Damaged status Not for loan Home library Current library Date acquired Source of acquisition Total Checkouts Full call number Barcode Date last seen Price effective from Koha item type
    Colon Classification (CC)     Department of Physics and Astrophysics Library Department of Physics and Astrophysics Library 2022-10-07 1108392, 29/01/2020, Atlantic Publishers & Distributors (P) Ltd.   C9B3 Q9 Carpa PA0007555 2022-10-07 2022-10-07 Textual
Copyright @ Delhi University Library System